000
00274nam a2200109 4500
999
_c
507366
_d
507366
082
_a
A45:T42/2011-12
100
_a
Bombay. Reserve Bank of India
_9
1493
245
_a
Annual report, 2011-12
260
_a
Mumbai
_b
Reserve Bank of India
_c
2012
300
_a
195p.
942
_2
ddc